Geometry : axiomatic developments with problem solving

Αποθηκεύτηκε σε:
Λεπτομέρειες βιβλιογραφικής εγγραφής
Κύριος συγγραφέας: Perry, Earl 1938-
Μορφή: Βιβλίο
Γλώσσα:English
Δημοσίευση: New York : M. Dekker, c1992
Σειρά:Monographs and textbooks in pure and applied mathematics ; ; 160
Θέματα:
Ετικέτες: Προσθήκη ετικέτας
Δεν υπάρχουν, Καταχωρήστε ετικέτα πρώτοι!

MARC

LEADER 00000cam a2200000 i 4500
001 1/53610
008 941103s1992 eng d
020 |a 0824787277 
035 |l 10044753 
035 |a 1993 
040 |a GR-MY-UA  |b gre  |e aacr 
041 0 |a eng 
082 0 |a 516  |2 (20) 
100 1 |a Perry, Earl  |d 1938- 
245 1 0 |a Geometry :  |b axiomatic developments with problem solving /  |c Earl Perry 
260 |a New York :   |b M. Dekker,   |c c1992 
300 |a x, 354 p.;  |b ill.;  |c 24 cm 
490 1 |a Monographs and textbooks in pure and applied mathematics  |v ; 160 
504 |a Includes bibliographical references (p. 347) and index 
650 0 0 |a Geometry. 
830 0 |a Monographs and textbooks in pure and applied mathematics ;  |v ; 160 
852 |a INST  |b SAMOS  |e 19941103  |h 516 PER  |p 005300007644  |q 005300007644  |t BK  |y 0 
909 |a Σ  |b 030258